| 000 | 00487nam a2200193 i 4500 | ||
|---|---|---|---|
| 001 | bg | ||
| 100 | 1 | _aSVARC, G. L. | |
| 245 | 1 | 0 |
_aKorozja naprężeniowa : _bmetody, badania. |
| 260 |
_aWarszawa : _bPWN, _c1963. |
||
| 650 | 9 |
_aKorozja i erozja _xbadanie |
|
| 650 | 9 |
_aPękanie _xbadanie |
|
| 700 | 1 | _aSZWARC, G. Ł. | |
| 700 | 1 | _aKRISTAL', M. M. | |
| 040 | _cBPK | ||
| 041 | 1 |
_apol _hrus |
|
| 080 | _a620.193:539.3/.4 | ||
| 942 | _cKS | ||
| 008 | s pl f |000 0 pol | ||
| 999 |
_c35573 _d35573 |
||